| 000 | 01488nam0a2200373 i 4500 | ||
|---|---|---|---|
| 001 | RU\NLR\BIBL_A\010463846 | ||
| 005 | 20260405131257.0 | ||
| 010 |
_a9785462015014 _91000 |
||
| 021 |
_aRU _b2014-53722 _93240 |
||
| 035 | _a(NILC)RuMoRGB-007524429 | ||
| 035 | _a(NLR Aleph) 010463846 | ||
| 090 |
_a9991060 _c9991060 |
||
| 100 | _a20140919d2014 u y0rusy50 ca | ||
| 101 | 0 |
_arus _atur |
|
| 102 | _aRU | ||
| 105 | _aa|||e|||001yy | ||
| 200 | 1 |
_aТурция _e[лингвострановедческий словарь] _fРоза Юсипова |
|
| 210 |
_aМосква _cАСТ-ПРЕСС _d2014 |
||
| 215 |
_a127 с. _cцв. ил. _d20 |
||
| 300 | _aНа 4-й с. обл. авт.: Юсипова Р.Р., доц., педагог | ||
| 300 | _aЧасть текста на тур. яз. | ||
| 320 | _aБиблиогр.: с. 4, с. 113 | ||
| 606 | 1 |
_aТурецкий язык _xЛингвострановедческие словари _xРусский язык _92224271 _3RU\NLR\AUTH\6601568377 |
|
| 607 |
_aТурция _jСловари _91007325 _3RU\NLR\AUTH\6665216 |
||
| 686 | 1 | _aШ163.12-491лингвостр | |
| 686 | 1 | _aШ141.12-482 | |
| 686 | 1 | _aД890(53Ту)я21 | |
| 700 | 1 |
_8rus _7ca _aЮсипова _bР. Р. _f1924- _gРоза Ризовна _3RU\NLR\AUTH\7752290 _935223 |
|
| 801 | 0 |
_aRU _bРГБ _c20140723 _gRCR |
|
| 801 | 1 |
_aRU _bРГБ _c20140723 _2rusmarc |
|
| 942 | _cBOOK | ||
| 980 | _aNBR | ||